00405nam a2200133Ia 4500003000900000008004100009040003300050041000800083080001500091100001700106245006700123260006600190300001500256LK-CoDNM010623t1982 xxu||||| |||| 00| 1 eng d aLK-CoDNMdLK-CoDNMeLK-CoDNM aeng a335.5bKIM aSung, Kim Il aOn Revolutionizing and Working-Classizing the Whole of Society b Foreign Languages Publishing House a Pyongyang, Koreac1982 b77p, 15 cm